00885nam a2200241Ia 450000100060000000300090000600800410001504000130005604000130006904100130008210000210009510000290011624500860014524500860023125000110031726000110032826000340033926000490037330000390042250001170046165000340057865000310061216982IT-RoPAU130308s9999 xx 000 0 und d aIT-RoPAU cIT-RoPAU aITALIANO aBarbero Giuseppe gCodice Aut. SPICS: 9572 aUn centenario dimenticato-Mons. Ugo Mioni apostolo della buona stampa (1870-1935) bUn centenario Dimenticato-Mons. Ugo Mioni Apostolo della buona Stampa (1870-1935) a1a ed. aROVIGO bIstituto Padano Arti Grafiche c1971 [1° Ed.:1971 - Ed.Ling.Originale:1971] a"8 p. (prefazione: no ; testo: 8)" aEstratto da Palestra del clero N.11 del 01.06.71 Biografia di Monsignor Ugo Mioni Mioni e la Società San Paolo aAUTORI/OPERE FAMIGLIA PAOLINA eCodice materia Spics: 9903